Introducing morphology

This book provides data from a wide variety of languages, it includes hands-on activities such as 'challenge' boxes, designed to encourage students to gather their own data and analyze it, work with data on websites, perform simple experiments, and discuss topics with each other. There is...

Ful tanımlama

Kaydedildi:
Detaylı Bibliyografya
Yazar: Lieber, Rochelle
Materyal Türü: Kitap
Dil:Vietnamese
Baskı/Yayın Bilgisi: Cambridge Cambridge university press 2016
Edisyon:2nd ed.
Konular:
Etiketler: Etiketle
Etiket eklenmemiş, İlk siz ekleyin!
Thư viện lưu trữ: Thư viện Trường Đại học Nam Cần Thơ
LEADER 01113nam a22002177a 4500
001 NCT_91125
008 210707b xxu||||| |||| 00| 0 vie d
999 |c 4497  |d 4497 
020 |a 9781107480155  |c 1044000 
082 0 4 |2 23rd ed.  |a 425  |b L716 
100 1 |a Lieber, Rochelle 
245 1 0 |a Introducing morphology  |c Rochelle Lieber 
250 |a 2nd ed. 
260 |a Cambridge  |b Cambridge university press  |c 2016 
300 |a vii, 243p.  |c 25cm 
504 |a Includes index 
520 3 |a This book provides data from a wide variety of languages, it includes hands-on activities such as 'challenge' boxes, designed to encourage students to gather their own data and analyze it, work with data on websites, perform simple experiments, and discuss topics with each other. There is also an extensive introduction to the terms and concepts necessary for analyzing words.  
653 |a Cơ bản 
942 |2 ddc  |c BK 
952 |0 0  |1 0  |2 ddc  |4 0  |6 425_000000000000000_L716  |7 0  |9 21496  |a 000001  |b 000001  |d 2021-07-07  |o 425 L716  |p MD.18771  |r 2021-07-07  |v 999999.99  |w 2021-07-07  |y BK 
980 |a Thư viện Trường Đại học Nam Cần Thơ